Métodos de control de calidad
שמור ב:
| Main Authors: | , , |
|---|---|
| פורמט: | ספר |
| שפה: | ספרדית |
| יצא לאור: |
Cuernavaca
Continental
2005
|
| מהדורה: | 1a. ed |
| נושאים: | |
| תגים: |
הוספת תג
אין תגיות, היה/י הראשונ/ה לתייג את הרשומה!
|
MARC
| LEADER | 00000cam a2200000 a 4500 | ||
|---|---|---|---|
| 001 | UCF2503 | ||
| 003 | CL-VaPUC | ||
| 008 | 120824e20050000MX |||||||||||||||||spa|d | ||
| 020 | |a 978970240648X | ||
| 082 | 0 | 4 | |a 658.562 |b WAD |2 21 |
| 100 | 0 | |a Wadsworth, Harrison M |e author |9 564168 | |
| 700 | 0 | |a Stephens, Kenneth S |e author |9 564169 | |
| 700 | 0 | |a Godfrey, A. Blanton |e author |9 564170 | |
| 245 | 1 | 0 | |a Métodos de control de calidad |
| 250 | |a 1a. ed | ||
| 300 | |a 682 p | ||
| 942 | |c BK | ||
| 945 | |d 20120824 00:00:00 |a dcastane | ||
| 260 | |a Cuernavaca |b Continental |c 2005 | ||
| 650 | 0 | |a Control de calidad |9 259714 | |
| 650 | 0 | |a Calidad total |9 259929 | |
| 650 | 7 | |a CALIDAD DE LOS PRODUCTOS |2 CL-VaPUC |9 259810 | |
| 583 | |a last modification |c 20120824 12:41:00 |k Rodrigo Vera | ||
| 999 | |c 349064 |d 349062 | ||